000 00405nam a2200157 a 4500
005 20140414093841.0
008 071009s19uu xx uuu eng d
050 _aVCD 320
_bRIS
245 _aThe Rise and fall of the third reich.
260 _aSl :
_bWarner Brothers.
300 _a3 video disks
650 _aNational Socialism.
650 _aFilm (adaptation).
942 _cAVM
999 _c109291
_d109291